000 00564nam a2200205Ia 4500
008 140626s9999 xx 000 0 und d
100 _aSumaylo, Dennis John.
245 _aUsing SMS for grassroots health communication in the Philippines /
_c Dennis John.Sumaylo
260 _cc2013.
300 _a40 : 3, page 227
440 _aMedia Asia
521 _aMC
650 _aCommunication.
650 _aHealth communication.
650 _aHealthcare services.
650 _aMobile phone use.
650 _aPhilippines.
650 _aSms.
942 _cSE
999 _c121207
_d121207